| 000 | 00506nam a2200193Ia 4500 | ||
|---|---|---|---|
| 005 | 20250508160416.0 | ||
| 008 | 008 250505s9999 xx 000 0 eng d | ||
| 037 | _aTextual | ||
| 040 |
_aFEDL _beng _cFEDL |
||
| 041 |
_aeng _2eng |
||
| 084 |
_a592, BAR _qFEDL |
||
| 100 |
_aBarnes Robert D _9768423 |
||
| 245 | 0 | _aInvertebrate zoology | |
| 250 | _a2nd | ||
| 260 |
_aPhiladelphia _bW B Saunders Company _c1968 |
||
| 300 | _a743p. | ||
| 942 |
_cTEXL _h592, BAR |
||
| 999 |
_c1364437 _d1364437 |
||